000 01015cam a22002054a 4500
005 20250605163947.0
008 250528s ||||||||||||||||||||||||d
035 _a15257
020 _a13094078
040 _aGR-AtMCL
_bgre
_dGR-AtMCL
_eAACR2
245 1 _aBusiness Data Systems / A Practical Guide to Systems Analysis and Data Processing: Second Edition
250 _a2nd
260 _bPrentice Hall International,
_c1983
300 _a388
520 _aThis book explains recent developments in technology, sets them in a business context, and shows their practical application for Managers. Preface, Acknowledgements, Business and Management Information, Computers in Business, Data Capture and Computer Input, Computer Files and Data Bases, Computer Output, Programming and Software, Systems Investigation, Systems Design, Systems Implementation, Case Study and Sales Order Control and Accounting, Glossary, Index.
700 1 _aClifton H.D
_91025
942 _cBK
999 _c850
_d850